| 000 | 00409nam a2200133Ia 4500 | ||
|---|---|---|---|
| 008 | 150223s9999 xx 000 0 und d | ||
| 020 | _a9780470525661 | ||
| 050 |
_aDS 701 _b.P534 2010 |
||
| 100 | _aPham, Sherisse. | ||
| 245 |
_aFrommer's Beijing / _cSherisse Pham. |
||
| 260 |
_aHobboken : _bWiley Publishing, Inc. _c2010 |
||
| 300 |
_a248 pages : _bColored, Illustration ; _c20 cm. |
||
| 504 | _aIncludes Index. | ||
| 999 |
_c283282 _d283282 |
||